Регионална библиотека "Любен Каравелов" - Русе

Abrege de l'histoire de Geneve (Запис номер 431245)

MARC детайли
000 -Лидер
Контролно поле с фиксирана дължина nam a22 a 4500
003 - Код на организацията, давaща контролен номер
Контролно поле BLK
005 - Дата и час на последна редакция
Контролно поле 20210908123457.0
008 - Елементи от данни с фиксирана дължина
fixed length control field 210908b bu |||||r|||| 00| | bu d
040 ## - Източник на каталожния запис
Идентификатор на билиотеката - собственик на записа BLK
041 ## - Код за език
Код за езика на текст/звукозапис или на отделно заглавие Френски
Код за езика КДБФ Френски
080 ## - УДК
Текстов определител УДК История на Швейцария
УДК код - определител по УДК 94(494)
УДК - код + определител 94(494)
100 ## - Редна дума - Автор
R(LIN) 464036
Автор Thorens, Charles
Авторска отговорност първи автор
139 ## - Редно поле
Редна дума Thorens, Charles
245 ## - Сведения за заглавието
Заглавие Abrege de l'histoire de Geneve
Редно поле (дума) Charles Thorens
260 ## - Област на издателските данни
Място на издаване, разпространение и проч. Geneve
Име на издателя, разпространителя и проч. F. Richard
Година на издаване 1878
9 (RLIN) 464037
300 ## - Физическа характеристика
Страници VIII, 343 p.
Размери/Мащаб 20 cm
380 ## - Жанр
Жанр История
490 ## - СЕРИИ (Колекции)
9 (RLIN) 435080
Име на серия Колекция Редки и ценни издания
500 ## - Общи забележки
Забележка Подпис Д. Каранешев
650 #0 - Допълнително описание по предмет – тема
9 (RLIN) 281451
Основно описание – тема или топоним Швейцария - история
651 #0 - Допълнително описание по предмет - топоним
9 (RLIN) 464038
Географско понятие Женева
653 #7 - Ключова дума – ненормативна
9 (RLIN) 187889
Ключова дума история
852 ## - Местоположение
Форматна сигнатура Рф 878
Фондова буква Редки и ценни
999 ## - СИСТЕМНИ КОНТРОЛНИ НОМЕРА
Koha biblionumber 431245
Koha biblioitemnumber 431245
942 ## - АРТИКУЛИ
Вид на библиотечния материал Книги
Скрит в OPAC Не
Периодичен библиозапис Да
944 ## - СЪЗДАВАНЕ И РЕДАКЦИЯ на ЗАПИСА
Създаване/Редакция Създаване
Дата на регистрацията/редакция 2021-09-08
Служител, извършил регистрацията/редакцията ГГГ
999 ## - СИСТЕМНИ КОНТРОЛНИ НОМЕРА
Koha biblioitemnumber 431245
Наличности
Код за отписване Код за изгубен артикул Източник на класификационната схема Код за повреда Коз за рестрикции Код за отдаване Артикулен № Име на библиотеката - собственик Име на библиотеката, в която се намира в момента Статус (Текущо местоположение) Дата на вписване в системата Местоположение - отдел Цена в лева Инвентарен номер Систематично азбучна сигнатура Баркод Цена в евро Служебен тип на артикула
  Не е изгубен Universal Decimal Classification Не е повреден само за читалня Специални фондове ( старопечатни, редки и ценни, фонд М. Арнаудов) 854551 Регионална библиотека "Любен Каравелов" Русе Регионална библиотека "Любен Каравелов" Русе Редки и ценни 2021-09-23 Редки и ценни 0.44 10771 Рф 878 900000077449 0.22 Книги
Vip Innovations Ltd, Rousse, Bulgaria 2025